000 00892nam a2200265 a 4500
001 43154
003 BD-RjUL
005 20211209053644.0
008 160619s1961 nyua b 001 0 eng
035 _a(BD-RjUL)43272
040 _aDLC
_cODaWU
_dOCoLC
_dBD-RjUL
_beng
041 _aeng
082 _a338.91
_223
_bSTF 1961
100 1 _aStaley, Eugene,
_d1906-
_9132526
245 1 4 _aThe future of underdeveloped countries :
_bpolitical implications of economic development /
_cBy Eugene Staley
250 _a2nd rev. ed.
260 _aNew York :
_bPublished for the Council on Foreign Relations by Praeger,
_cc1961.
300 _axv, 483 p. :
_bill. ;
_c21 cm.
490 0 _aBooks that matter.
500 _aPraeger paperbacks, 35.
504 _aIncludes index and bibliography.
650 0 _aEconomic development.
_9132527
651 0 _aDeveloping countries.
_9132528
942 _2ddc
_cBK
999 _c43154
_d43154